000
00237nmm a2200085Ia 4500
008
220120s9999||||xx |||||||||||||||||und||
100
_a
LFY April 2010
245
0
_a
content management system, joomla 1.2.15, drupal 6.16
260
_a
EFY
_c
2010
999
_c
139472
_d
139472